Thiên nhiên miền Bắc Việt Nam

Guardat en:
Dades bibliogràfiques
Autor principal: V M Fritlan
Format: Llibre
Idioma:Undetermined
Publicat: Hà Nội Nông thôn 1961
Matèries:
Etiquetes: Afegir etiqueta
Sense etiquetes, Sigues el primer a etiquetar aquest registre!
Thư viện lưu trữ: Trung tâm Học liệu Trường Đại học Cần Thơ
LEADER 00494nam a2200169Ia 4500
001 CTU_10350
008 210402s9999 xx 000 0 und d
082 |a 915.97 
082 |b F919 
100 |a V M Fritlan 
245 0 |a Thiên nhiên miền Bắc Việt Nam 
245 0 |c V M Fritlan, Lê Thành Bá 
260 |a Hà Nội 
260 |b Nông thôn 
260 |c 1961 
650 |a vietnam - description and travel 
980 |a Trung tâm Học liệu Trường Đại học Cần Thơ